000 00303nam a2200121Ia 4500
008 190216s9999||||xx |||||||||||||| ||und||
100 _aHimalaya Publishing House
245 0 _aHindi-Su-Raj Tatha Anya Radio Natak
260 _bSahithya Bharathi
_c2008
300 _a115
650 _aHindi
942 _cBK
999 _c16434
_d16434